000 01730nam0a22003491 4500
001 rc\4325928
005 20260407062736.0
010 _bВ пер.
_d36 к.
_968-54366
021 _aRU
_b[68-54366]
035 _a(NLR Aleph) 008515152
090 _a8193643
_c8193643
100 _a20130416d1968 |||y0rusy50 ca
101 0 _arus
102 _aRU
105 _aa z |||a|
200 1 _aКрах Мишки Мухоркина
_eдве удивительные истории о приключениях и злоключениях примерного мальчика, отличника и активиста
_e[для младшего школьного возраста]
_fЮ. Воищев, А. Иванов
_g[иллюстрации: В. Чижиков]
210 _aМосква
_cСоветская Россия
_d1968
215 _a159 с.
_cил.
_d22
517 1 _aДве удивительные истории о приключениях и злоключениях примерного мальчика, отличника и активиста
606 _aШкольники
_yСССР
_91990539
_3RU\NLR\AUTH\661199450
686 1 _aШ9(2)62=Р7-4
700 1 _aВоищев
_bЮ.Т.
_f1937-
_gЮрий Тихонович
701 1 _8rus
_7ca
_aИванов
_bА. А.
_cдет. писатель
_f1938-
_gАльберт Анатольевич
_3RU\NLR\AUTH\7712920
_9122629
702 1 _4440
_8rus
_7ca
_aЧижиков
_bВ. А.
_cхудожник
_f1935-2020
_gВиктор Александрович
_3RU\NLR\AUTH\77306
_9110361
801 0 _aRU
_bNLR
_gpsbo
801 1 _aRU
_bELAR
_2rusmarc
852 _aNLR
_j68-5/3529
942 _cBOOK
980 _aNB